Historia de los derechos fundamentales

Uloženo v:
Podrobná bibliografie
Hlavní autoři: Fernández García, Eusebio (Autor), Ansuategui Roig, Francisco Javier (Autor), Fernández Liesa, Carlos R (Autor)
Další autoři: Peces-Barba Martínez, Gregorio (Režisér), Asís Roig, Rafael de
Médium: Kniha
Jazyk:španělština
Vydáno: Madrid Dykinson S. L 2007
Vydání:1a. ed
Témata:
Tagy: Přidat tag
Žádné tagy, Buďte první, kdo vytvoří štítek k tomuto záznamu!

MARC

LEADER 00000cam a2200000 a 4500
001 UCC4607
003 CL-VaPUC
008 180817e20070000sp |||||||||||||||||spa|d
020 |a 9788481554045o.c 
020 |a 9788498491456t.3 v.1 libro 1 
020 |a 9788498491463t.3 v.1 libro 2 
020 |a 9788498491470t.3 v.2 libro 1 
020 |a 9788498491487t.3 v.2 libro 2 
020 |a 9788498491494t.3 v.3 
020 |a 9788490313787t.4 v.1 libro 1 
020 |a 9788490313794t.4 v.1 libro 2 
020 |a 9788490313800t.4 v.2 
020 |a 9788490313817t.4 v.3 libro 1 
020 |a 9788490313824t.4 v.3 libro 2 
020 |a 9788490313831t.4 v.3 libro 3 
020 |a 9788490313848t.4 v.4 
020 |a 9788490313855t.4 v.5 libro 1 
020 |a 9788490313862t.4 v.5 libro 2 
020 |a 9788490313879t.4 v.6 libro 1 
020 |a 9788490313886t.4 v.6 libro 2 
020 |a 9788490313893t.4 v.6 libro 3 
020 |a 9788490314401t.4 v.7 
082 0 4 |a 323  |b PEC  |2 21 
100 |a Peces-Barba Martínez, Gregorio  |e director  |9 452647 
700 0 |a Fernández García, Eusebio  |e author  |9 598804 
700 |a Asís Roig, Rafael de  |9 608565 
700 |a Ansuategui Roig, Francisco Javier  |e author  |9 329992 
700 0 |a Fernández Liesa, Carlos R  |e author  |9 598807 
245 1 0 |a Historia de los derechos fundamentales 
250 |a 1a. ed 
300 |a t 
942 |c BK 
945 |d 20180817 12:57:00  |a dcastane 
260 |a Madrid  |b Dykinson S. L  |c 2007 
500 |a t.3 v.1 libro 1: siglo XIX. El contexto social, cultural y político de los derechos. Los rasgos generales de evolución 
500 |a t.3 v.1 libro 2: siglo XIX. El contexto social, cultural y político de los derechos. Los rasgos generales de evolución 
500 |a t.3 v.2 libro 1: siglo XIX. la filosofía de los Derechos Humanos 
500 |a t.3 v.2 libro 2: siglo XIX. la filosofía de los Derechos Humanos 
500 |a t.3 v.3: siglo XIX. El derecho positivo de los Derechos Humanos. Derechos Humanos y Comunidad Internacional 
500 |a t.4 v.1 libro 1 parte 1: siglo XX. Cultura, sociedad y política en el siglo XX 
500 |a t.4 v.1 libro 2 parte 2: siglo XX. Cultura, sociedad y política en el siglo XX 
500 |a t.4 v.2: siglo XX. Ideologías políticas y Derechos Humanos en el siglo XX 
500 |a t.4 v.3 libro 1: siglo XX. El derecho internacional de los Derechos Humanos. El reconocimiento universal de los Derechos Humanos 
500 |a t.4 v.3 libro 2: siglo XX. El derecho internacional de los Derechos Humanos. Los procesos de regionalización y especificación 
500 |a t.4 v.3 libro 3: siglo XX. El derecho internacional de los Derechos Humanos. Nuevos desarrollos del Derecho Internacional de los Derechos Humanos. Especial referencia a España 
500 |a t.4 v.4: siglo XX. Valores, principios y Derechos Humanos 
500 |a t.4 v.5 libro 1: siglo XX. Cultura de la paz y grupos vulnerables 
500 |a t.4 v.5 libro 2: siglo XX. Cultura de la paz y grupos vulnerables 
500 |a t.4 v.6 libro 1: siglo XX. El derecho positivo de los Derechos Humanos. Parte general 
500 |a t.4 v.6 libro 2: siglo XX. El derecho positivo de los Derechos Humanos. Derechos individuales, civiles y políticos 
500 |a t.4 v.6 libro 3: siglo XX. El Derecho positivo de los Derechos Humanos. Los derechos económicos, sociales y culturales 
500 |a t.4 v.7: siglo XX. Constituciones 
650 0 |a Derechos humanos  |9 223025 
650 0 |a Historia del derecho  |9 255109 
650 0 |a Filosofía del derecho   |9 255050 
650 0 |a Derecho internacional  |9 255637 
650 0 |a Derecho natural   |9 255041 
650 0 |a Derecho positivo  |9 255911 
650 0 |a Derechos fundamentales   |9 254841 
583 |a last modification  |c 20190905 02:43:10  |k Rodrigo Vera 
999 |c 372059  |d 372057 
952 |0 0  |1 0  |3 erb  |4 0  |6 323_000000000000000_PEC_2007  |7 0  |8 DER_TF  |9 489297  |a BIBDER  |b BIBDER  |h t.3 v.1 l.1  |i 5488273  |o 323 PEC 2007  |p 5488273  |r 2023-01-25  |w 2019-11-24  |x Ubicación 4to Piso  |y BK  |z Estos recursos deben solicitarse con anticipación  |k DER 
952 |0 0  |1 0  |3 erb  |4 0  |6 323_000000000000000_PEC_2007  |7 0  |8 DER_TF  |9 489298  |a BIBDER  |b BIBDER  |h t.3 v.1 l.2  |i 5488281  |o 323 PEC 2007  |p 5488281  |r 2023-01-25  |w 2019-11-24  |x Ubicación 4to Piso  |y BK  |z Estos recursos deben solicitarse con anticipación  |k DER 
952 |0 0  |1 0  |3 erb  |4 0  |6 323_000000000000000_PEC_2007  |7 0  |8 DER_TF  |9 489299  |a BIBDER  |b BIBDER  |h t.3 v.2 l.1  |i 548829K  |o 323 PEC 2007  |p 548829K  |r 2023-01-25  |w 2019-11-24  |x Ubicación 4to Piso  |y BK  |z Estos recursos deben solicitarse con anticipación  |k DER 
952 |0 0  |1 0  |3 erb  |4 0  |6 323_000000000000000_PEC_2007  |7 0  |8 DER_TF  |9 489300  |a BIBDER  |b BIBDER  |h t.3 v.2 l.2  |i 5488303  |o 323 PEC 2007  |p 5488303  |r 2023-01-25  |w 2019-11-24  |x Ubicación 4to Piso  |y BK  |z Estos recursos deben solicitarse con anticipación  |k DER 
952 |0 0  |1 0  |3 erb  |4 0  |6 323_000000000000000_PEC_2007  |7 0  |8 DER_TF  |9 489301  |a BIBDER  |b BIBDER  |h t.3 v.3  |i 5488311  |o 323 PEC 2007  |p 5488311  |r 2023-01-25  |w 2019-11-24  |x Ubicación 4to Piso  |y BK  |z Estos recursos deben solicitarse con anticipación  |k DER 
952 |0 0  |1 0  |3 erb  |4 0  |6 323_000000000000000_PEC_2007  |7 0  |8 DER_TF  |9 489302  |a BIBDER  |b BIBDER  |h t.4 v.1 l.1 p.1  |i 548832K  |o 323 PEC 2007  |p 548832K  |r 2023-01-25  |w 2019-11-24  |x Ubicación 4to Piso  |y BK  |z Estos recursos deben solicitarse con anticipación  |k DER 
952 |0 0  |1 0  |3 erb  |4 0  |6 323_000000000000000_PEC_2007  |7 0  |8 DER_TF  |9 489303  |a BIBDER  |b BIBDER  |h t.4 v.1 l.2 p.2  |i 5488338  |o 323 PEC 2007  |p 5488338  |r 2023-01-25  |w 2019-11-24  |x Ubicación 4to Piso  |y BK  |z Estos recursos deben solicitarse con anticipación  |k DER 
952 |0 0  |1 0  |3 erb  |4 0  |6 323_000000000000000_PEC_2007  |7 0  |8 DER_TF  |9 489304  |a BIBDER  |b BIBDER  |h t.4 v.2  |i 5488346  |o 323 PEC 2007  |p 5488346  |r 2023-01-25  |w 2019-11-24  |x Ubicación 4to Piso  |y BK  |z Estos recursos deben solicitarse con anticipación  |k DER 
952 |0 0  |1 0  |3 erb  |4 0  |6 323_000000000000000_PEC_2007  |7 0  |8 DER_TF  |9 489305  |a BIBDER  |b BIBDER  |h t.4 v.3 l.1  |i 5488354  |o 323 PEC 2007  |p 5488354  |r 2023-01-25  |w 2019-11-24  |x Ubicación 4to Piso  |y BK  |z Estos recursos deben solicitarse con anticipación  |k DER 
952 |0 0  |1 0  |3 erb  |4 0  |6 323_000000000000000_PEC_2007  |7 0  |8 DER_TF  |9 489306  |a BIBDER  |b BIBDER  |h t.4 v.3 l.2  |i 5488362  |o 323 PEC 2007  |p 5488362  |r 2023-01-25  |w 2019-11-24  |x Ubicación 4to Piso  |y BK  |z Estos recursos deben solicitarse con anticipación  |k DER 
952 |0 0  |1 0  |3 erb  |4 0  |6 323_000000000000000_PEC_2007  |7 0  |8 DER_TF  |9 489307  |a BIBDER  |b BIBDER  |h t.4 v.3 l.3  |i 5488370  |o 323 PEC 2007  |p 5488370  |r 2023-01-25  |w 2019-11-24  |x Ubicación 4to Piso  |y BK  |z Estos recursos deben solicitarse con anticipación  |k DER 
952 |0 0  |1 0  |3 erb  |4 0  |6 323_000000000000000_PEC_2007  |7 0  |8 DER_TF  |9 489308  |a BIBDER  |b BIBDER  |h t.4 v.4  |i 5488389  |o 323 PEC 2007  |p 5488389  |r 2023-01-25  |w 2019-11-24  |x Ubicación 4to Piso  |y BK  |z Estos recursos deben solicitarse con anticipación  |k DER 
952 |0 0  |1 0  |3 erb  |4 0  |6 323_000000000000000_PEC_2007  |7 0  |8 DER_TF  |9 489309  |a BIBDER  |b BIBDER  |h t.4 v.5 l.1  |i 5488397  |o 323 PEC 2007  |p 5488397  |r 2023-01-25  |w 2019-11-24  |x Ubicación 4to Piso  |y BK  |z Estos recursos deben solicitarse con anticipación  |k DER 
952 |0 0  |1 0  |3 erb  |4 0  |6 323_000000000000000_PEC_2007  |7 0  |8 DER_TF  |9 489310  |a BIBDER  |b BIBDER  |h t.4 v.5 l.2  |i 5488400  |o 323 PEC 2007  |p 5488400  |r 2023-01-25  |w 2019-11-24  |x Ubicación 4to Piso  |y BK  |z Estos recursos deben solicitarse con anticipación  |k DER 
952 |0 0  |1 0  |3 erb  |4 0  |6 323_000000000000000_PEC_2007  |7 0  |8 DER_TF  |9 489311  |a BIBDER  |b BIBDER  |h t.4 v.6 l.1  |i 5488419  |o 323 PEC 2007  |p 5488419  |r 2023-01-25  |w 2019-11-24  |x Ubicación 4to Piso  |y BK  |z Estos recursos deben solicitarse con anticipación  |k DER 
952 |0 0  |1 0  |3 erb  |4 0  |6 323_000000000000000_PEC_2007  |7 0  |8 DER_TF  |9 489312  |a BIBDER  |b BIBDER  |h t.4 v.6 l.2  |i 5488427  |o 323 PEC 2007  |p 5488427  |r 2023-01-25  |w 2019-11-24  |x Ubicación 4to Piso  |y BK  |z Estos recursos deben solicitarse con anticipación  |k DER 
952 |0 0  |1 0  |3 erb  |4 0  |6 323_000000000000000_PEC_2007  |7 0  |8 DER_TF  |9 489313  |a BIBDER  |b BIBDER  |h t.4 v.6 l.3  |i 5488435  |o 323 PEC 2007  |p 5488435  |r 2023-01-25  |w 2019-11-24  |x Ubicación 4to Piso  |y BK  |z Estos recursos deben solicitarse con anticipación  |k DER 
952 |0 0  |1 0  |3 erb  |4 0  |6 323_000000000000000_PEC_2007  |7 0  |8 DER_TF  |9 489314  |a BIBDER  |b BIBDER  |h t.4 v.7  |i 5488443  |o 323 PEC 2007  |p 5488443  |r 2023-01-25  |w 2019-11-24  |x Ubicación 4to Piso  |y BK  |z Estos recursos deben solicitarse con anticipación  |k DER 
952 |0 0  |1 0  |3 erb  |4 0  |6 323_000000000000000_PEC_2007  |7 0  |8 WP_COW  |9 561070  |a BIBDER  |b BIBDER  |e Fundación W and P Cowley  |h t.4 v.6 l.1  |i 5598915  |o 323 PEC 2007  |p 5598915  |r 2023-01-25  |w 2020-03-12  |y BK  |z Catalogado en:20190906  |k WPC 
952 |0 0  |1 0  |3 erb  |4 0  |6 323_000000000000000_PEC_2007  |7 0  |8 WP_COW  |9 561071  |a BIBDER  |b BIBDER  |e Fundación W and P Cowley  |h t.4 v.6 l.2  |i 5599067  |o 323 PEC 2007  |p 5599067  |r 2023-01-25  |w 2020-03-12  |y BK  |z Catalogado en:20190906  |k WPC